000 02212cam a22003734a 4500
001 14120306
003 ARRUPE
005 20211027111802.0
008 050926s2006 ncuab b 001 0 eng
010 _a 2005028226
020 _a0822337053 (hdbk. : alk. paper)
020 _a0822337177 (pbk. : alk. paper)
035 _a(OCoLC)ocm61731436
040 _aDLC
_cDLC
_dYDX
_dUKM
_dBAKER
_dIXA
_dCOO
_dDLC
042 _apcc
043 _af------
050 0 0 _aJZ1773
_b.F47 2006
082 0 0 _a327.6
_222
100 1 _aFerguson, James,
_d1959-
_950724
245 1 0 _aGlobal shadows :
_bAfrica in the neoliberal world order /
_cJames Ferguson.
260 _aDurham [N.C.] :
_bDuke University Press,
_c2006.
300 _ax, 257 p. :
_bill., map ;
_c25 cm.
504 _aIncludes bibliographical references (p. [211]-247) and index.
505 0 _aIntroduction: Global shadows : Africa and the world -- Globalizing Africa? : observations from an inconvenient continent -- Paradoxes of sovereignty and independence : "real" and "pseudo-" nation-states and the depoliticization of poverty -- De-moralizing economies : African socialism, scientific capitalism, and the moral politics of structural adjustment -- Transnational topographies of power : beyond "the state" and "civil society" in the study of African politics -- Chrysalis : the life and death of the African renaissance in a Zambian internet magazine -- Of mimicry and membership : Africans and the "new world society" -- Decomposing modernity : history and hierarchy after development -- Governing extraction : new spatializations of order and disorder in neoliberal Africa.
650 0 _aGlobalization.
_94951
651 0 _aAfrica
_xForeign relations
_y1960-
_921634
651 0 _aAfrica
_xForeign economic relations.
_931630
651 0 _aAfrica
_xEconomic conditions
_y1960-
_93231
651 0 _aAfrica
_xPolitics and government
_y1960-
856 4 1 _3Table of contents
_uhttp://www.loc.gov/catdir/toc/ecip0519/2005028226.html
906 _a7
_bcbc
_corignew
_d1
_eecip
_f20
_gy-gencatlg
942 _2lcc
_cMONOGRAPH
999 _c130999
_d130999